Quizzes
Events
Quiz Creation
Community
Videos
Private Events
Remove Ads
Sign In
Join for FREE
Feedback
Dark Mode
Quiz Categories
Sports
Geography
Music
Movies
Television
Just For Fun
Miscellaneous
History
Literature
Language
Science
Gaming
Entertainment
Religion
Holiday
For Kids
Quiz Lab
Recent
Popular Today
Quiz Kudos Today
Editor Picks
Curator Picks
Quizzes by...
Day
Popularity
Type
Ratings
Length
Year
Community
Subscriptions
Recent Discussions
Orange Saloon
Badges
Playlists
Quests
Create
Leaderboards
Showdown
Live 5
Trivia Bingo
Activity
Puzzle Library
Sporcle Events
Private Events
Virtual Trivia
Globe League
Become a Host
Pub Owners
SporcleCon
Opinionation
Our Games
Videos
Blog
Mobile Apps
Partnerships
Remove Ads and Go Orange
Feedback
Sports
Athletes
MLB
NBA
NHL
NFL
Soccer
Sports Teams
WWE
NCAA
Football
Premier League
Basketball
Baseball
Hockey
Golf
Tennis
Cricket
Rugby
Auto Racing
Olympics
World Cup
Sports
Athletes
MLB
NBA
NHL
NFL
Soccer
Sports Teams
WWE
NCAA
Football
Premier League
Basketball
Baseball
Hockey
Golf
Tennis
Cricket
Rugby
Auto Racing
Olympics
World Cup
Random Quiz
Search Sporcle
×
Quiz Lab
Quiz Lab
Sports
WWE
Type in answers that appear in a list
Type in answers that appear in a list
Classic
Best Score? Go Orange.
Ultimate WWE WrestleMania Quiz Pt. 1 Stats
Can you name the Ultimate WWE WrestleMania Quiz?
By
MattitudeMahoney
10m
50 Questions
4,767 Plays
4,767 Plays
4,767 Plays
Comments
Comments
Give Quiz Kudos
Give Quiz Kudos
-
- Ratings
hide this ad
Random Order
Randomize order of answers
Randomize order of answers
Replay
Link that replays current quiz
Next Quiz
Link to next quiz in quiz playlist
You Got
0%
They Got
Avg Score
65%
Avg Friend Score
Upgrade to see
Score Distribution
Jump to the score distribution portion of the page
Score
0/50
Timer
10:00
0
Plays Today
Question
Answer
% Correct
Who ended Ric Flair's WWE career at WrestleMania XXIV?
Shawn Michaels
84%
Which Hart brother won the opening match at WrestleMania X?
Owen
83.2%
The 'Money in the Bank' Ladder Match debuted at which WrestleMania?
21
81.2%
Which WrestleMania holds the largest attendance record?
3
80.9%
Which wrestler is Undefeated at WrestleMania, 18-
0?
Undertaker
80.7%
Stone Cold Steve Austin and The Rock have wrestled at how many WrestleMania's?
3
80.1%
How many WrestleMania's have been held at Madison Square Garden?
3
80.1%
The Undertaker has defeated Kane at how many WrestleMania's?
2
78%
Which Hardy brother won their Extreme Rules match at WrestleMania 25th Anniversary?
Matt
76.8%
This wrestler defeated Stone Cold Steve Austin in a Submission Match at WrestleMania 13...
Bret 'Hit Man' Hart
76.6%
This wrestler lost the 1st ever 'Retirement Match' at WrestleMania...
Macho Man Randy Savage
75.8%
Who won the WWF Title Tournament at WrestleMania IV?
Macho Man Randy Savage
75.8%
Who was the Special Guest Enforcer between Austin/
Michaels at WrestleMania XIV?
Mike Tyson
75%
Who won the Main Event at WrestleMania XV?
Stone Cold Steve Austin
74.7%
Who left WrestleMania IX the WWF Champion?
Hulk Hogan
73.7%
Who did John Cena beat to win the U.S. title at WrestleMania XX?
Big Show
73.5%
Who is the only wrestler two win 2 Money in the Bank Ladder matches?
CM Punk
73.5%
Who won the ECW Title at WrestleMania XXIV?
Kane
72.7%
Who defeated Kurt Angle and Randy Orton at WrestleMania 22 to win their first World Heavyweight title? (And only to date)
Rey Mysterio
72.2%
Which Pro Boxer defeated Big Show in a Boxing Match at WrestleMania XXIV?
Floyd Mayweather Jr.
72.1%
King Kong Bundy has competed at how many WrestleMania's?
4
71.6%
How many Hell in a Cell matches have there been at WrestleMania?
1
71.4%
T or F; Mega Maniacs defeated Money Inc. at WrestleMania IX.
False
70.3%
Which wrestler won the 1st ever Ladder match at a WrestleMania?
Razor Ramon
69.9%
Ric Flair has competed at how many WrestleMania's?
5
68.8%
Question
Answer
% Correct
Which former NFL player did Bam Bam Bigelow wrestle at WrestleMania XI?
Lawrence Taylor
67.7%
Who defeated Randy Savage for the Intercontinental title at WrestleMania III?
Ricky 'The Dragon' Steamboat
67.6%
This wrestler lost the Intercontinental Title to Ravishing Rick Rude at WrestleMania V...
Ultimate Warrior
67.2%
Undertaker defeated which wrestler in a Casket match at WrestleMania 22?
Mark Henry
67%
Which Pro Boxer knocked out Bart Gunn in a Boxing Match at WrestleMania XIV?
Butterbean
64.7%
Roddy Piper defeated this wrestler at WrestleMania XII in a Hollywood Backlot Brawl...
Goldust
64.4%
Cactus Jack & Terry Funk defeated the New Age Outlaws in what kind of a match at WrestleMania XIV?
Dumpster Match
61.1%
Mr. Perfect retained his IC title via DQ over which wrestler at WrestleMania VII?
Big Boss Man
59.7%
Who won the Gimmick Battle Royal at WrestleMania X-
Seven?
Iron Sheik
59.5%
Who walked out of WrestleMania 2000 as IC champion?
Chris Benoit
59%
Who won the Hardcore Title Battle Royal at WrestleMania 2000?
Hardcore Holly
57.5%
Who won the Cruiserweight title Gauntlet at WrestleMania XX?
Chavo Guerrero
54.4%
Big Show wrestled which Sumo wrestler in a Sumo Wrestling match at WrestleMania 21?
Akebono
53.7%
Who was supposed to be the Undertaker's tag team partner at WrestleMania XIX?
Nathan Jones
52.2%
Who won at WrestleMania XV in the match that decided the Special Guest referee for the Main Event?
Mankind
52%
Bret Hart defeated who at WrestleMania XI in an 'I Quit' Match?
Bob Backlund
51.2%
Who won the Tag Team Battle Royal at WrestleMania XIV?
LOD 2000
51.2%
Which wrestler interfered in the Hulk Hogan vs Sid Justice match at WrestleMania VIII?
Papa Shango
50.5%
Who sang America The Beautiful at WrestleMania III and 23?
Aretha Franklin
49.9%
Which wrestler teamed with LOD vs the Nation of Domination in a Chicago Streetfight at WrestleMania 13?
Ahmed Johnson
49.4%
WrestleMania's VI and X-
8 took place at which venue?
Skydome
48.9%
The Rock defeated which wrestler to retain his IC title at WrestleMania 13?
The Sultan
45.3%
This tag team defeated the Dream Team at WrestleMania II for the Tag Team Titles...
British Bulldogs
42.2%
Who won the WrestleMania IV Battle Royal?
Bad News Brown
41.9%
Which tag team won the WWF Tag Team Titles at WrestleMania VII?
Nasty Boys
37.6%
Quiz Playlist
Details
Report
Send in Message
Add To Playlist
Classic:
Type in answers that appear in a list
Random Order:
Randomize order of answers
Last Updated: Feb 16, 2017
Quiz Scoreboard
CHALLENGE
Sign Up to Join the Scoreboard
Show All
Scores
Hide
Comments
May contain spoilers
Recently Published
An Introduction to Baseball
by treessimontrees
Sports
5m
Movies - When Are They Set?
by FPL_Elf
Movies
5m
Popular People in 1961
by mucciniale
History
6m
More to Explore
Quiz From the Vault
Featured Blog Post
Where Did the Easter Bunny Come From?
hide this ad
You Might Also Like...
Tags
WWE Quiz
ultimate
Wrestlemania
Today's Top Quizzes in Sports
Browse Sports
hide this ad
Today's Top Quizzes in WWE
Browse WWE
Top Contributed Quizzes in Sports
1
Les meilleurs buteurs des matchs entre le PSG et l’OM
2
2022 World Cup Stars
3
FIFA Club World Cup Champions
4
Les entraîneurs de l'OM et du PSG au 21e siècle
5
Name the Premier League winners with different clubs
6
La finale Lions - Afrique du Sud 2021
7
England Test cricketers to play under Nasser Hussain
8
5-to-1: UK Sports Teams
9
Les joueurs passés par le LOSC et le RC Lens
10
Criteria MLB: Left Handed Sluggers
Explore More
Trending Topics
Crossword
Marvel
Kpop
Disney
Anime
NBA
Harry Potter
Country
NFL
Pokémon
The Office
Song
WWE
Soccer
Puzzle
hide this ad
More By:
MattitudeMahoney
Quiz
Plays
Rating
Category
Featured
Created
Ultimate WWE WrestleMania Quiz Pt. 1
4,767
2.48
Sports
Feb 10, 2010
WWE Commentators
2,616
3.00
Sports
Feb 6, 2010
WWE Survivor Series Team Captains
1,694
3.50
Sports
Feb 10, 2010
Wrestling Stables
1,256
3.50
Sports
Jan 5, 2010
WWE Intercontinental Title Quiz
1,076
1.50
Sports
Jan 9, 2010
Go to Creator's Profile
Score Distribution
Quiz Creator Spotlight
MattitudeMahoney
Follow
Send a Message
Quizzes Created
-
Created Quiz Play Count
-
More By This Creator
Popular Quizzes Today
1
Find the Countries of Europe - No Outlines Minefield
2
Find the US States - No Outlines Minefield
3
The Countries of the World
4
Popular People in 1961
5
Find the US States
6
US States
7
1-10 Letter E Words III
8
Risky Map Clicking: Biggest States A-Z
More Sports Quizzes
Wayne Rooney's Hat-trick XI's
Curator's Pick
Trending Quizzes
Risky Map Clicking: Least Populous States A-Z
1-10 Letter F Words
1-10 Letter G Words
One Thing in Common: United Kingdom
Risky Map Clicking: Next State Alphabetically
Recently Updated
Leaping Animals
pecheneg
Reality TV Shows (A-Z)
bhenderson79
Rickey Henderson's Hall of Fame Teammates
pecheneg
Champions League XIs: Arsenal
pecheneg
Quick Pick: Celebrities in WWE's Hall of Fame
aduchscher
A-Z Keypad Blitz II
pecheneg
Multiple Oscar Actors
pecheneg
Mystery Phrase Blitz: Oscar 'Best Actors'
pecheneg
F. Scott Fitzgerald Novels
LTH
Pick 3 Villains
ddd62291
Trending Topics
Marvel
Harry Potter
Crossword
Anime
Kpop
NBA
Disney
Puzzle
NFL
Song
Soccer
WWE
Pokémon
Country
The Office
Your Account Isn't Verified!
In order to create a playlist on Sporcle, you need to verify the email address you used during registration. Go to your
Sporcle Settings
to finish the process.
Report this User
Report this user for behavior that violates our
Community Guidelines
.
Details:
Send Report
Go to the Sporcle.com Mobile Site →
Comments